Developing communication skills with disabilities in children with disabilities / (Record no. 56207)
[ view plain ]
| 000 -LEADER | |
|---|---|
| fixed length control field | 00960nam a22002417a 4500 |
| 005 - DATE AND TIME OF LATEST TRANSACTION | |
| control field | 20110902114435.0 |
| 010 ## - LCCN (DPL NO) | |
| LC control number | G-001270 |
| 020 ## - INTERNATIONAL STANDARD BOOK NUMBER | |
| International Standard Book Number | 9789380137025 |
| Terms of availability | 150.00 |
| 035 ## - SYSTEM CONTROL NUMBER | |
| System control number | G-001270 |
| 037 ## - SOURCE OF ACQUISITION | |
| Source of stock number/acquisition | gift |
| 082 ## - DEWEY DECIMAL CLASSIFICATION NUMBER | |
| Classification number | 371.9044 |
| 100 ## - MAIN ENTRY--PERSONAL NAME | |
| Personal name | Rao, B.N. Pranesha |
| 245 ## - TITLE STATEMENT | |
| Title | Developing communication skills with disabilities in children with disabilities / |
| Statement of responsibility, etc | by B.N. Pranesha Rao and P. Anjana |
| 260 ## - PUBLICATION, DISTRIBUTION, ETC. (IMPRINT) | |
| Place of publication, distribution, etc | Bangalore |
| Name of publisher, distributor, etc | Pustakshakti Publication, |
| Date of publication, distribution, etc | 2008 |
| 270 ## - ADDRESS | |
| Address | 103, 3rd Main, Tata Silk Farm, Basavanagudi |
| City | Bangalore |
| Postal code | 560004 |
| Telephone number | 080-23227458 |
| 300 ## - PHYSICAL DESCRIPTION | |
| Extent | xiii, 151p.: |
| Dimensions | 23 cm (Hb) |
| 500 ## - GENERAL NOTE | |
| General note | Includes bibliographical references |
| 650 ## - SUBJECT ADDED ENTRY--TOPICAL TERM | |
| Topical term or geographic name as entry element | Children with disabilities--Education |
| 700 ## - ADDED ENTRY--PERSONAL NAME | |
| Personal name | Anjana, P. |
| 9 (RLIN) | 34146 |
| 942 ## - ADDED ENTRY ELEMENTS (KOHA) | |
| Source of classification or shelving scheme | Dewey Decimal Classification |
| Item type | English Books |
| Classification part | 371.9044 |
| Call number suffix | RAO |
| Withdrawn status | Lost status | Not for loan | Collection code | Home library | Current library | Date acquired | Source of acquisition | Cost, normal purchase price | Full call number | Barcode | Copy number | Cost, replacement price | Koha item type |
|---|---|---|---|---|---|---|---|---|---|---|---|---|---|
| Non-fiction | Janak Puri | Janak Puri | 02/09/2011 | bppd/gift | 150.00 | 371.9044 RAO | G-001270 | 1 | 150.00 | English Books |
